000 01294nam a22003497a 4500
003 CHAP
005 20220817041259.0
008 971013s1990 r 00010 d
010 _a10221
011 _a11193
035 _a10431
040 _cCHAP
082 _a972.081
_bD4Y
100 0 0 _aTutino, John.
_9115703
245 _aDe la insurrección a la revolución en México
_b: las bases sociales de la violencia agraria, 1750-1940
260 _aMéxico, D.F. :
_bEra,
_c1990
300 _a372 p
490 _aColección problemas de México
590 _aBATCH-UPD
_b10
_c20130110
_lUCH01
_h0952
590 _aBATCH-UPD
_b10
_c20130410
_lUCH01
_h0606
590 _aBATCH-UPD
_b10
_c20130914
_lUCH01
_h1005
590 _aCONVERSION
_b10
_c20130109
_lUCH01
_h1307
650 1 4 _aMéxico
_xHistoria
_xRevolución.
_976768
650 1 4 _aReforma agraria
_xHistoria.
_995552
650 1 4 _aTierras
_xTenencia
_zMéxico.
_9113215
830 0 _aColección problemas de México
901 _aBK
942 _cLIBRO
949 _a972.081 D4Y
_bBC
_cLIBRO
_d33724000148672
_eLIBRO
_gI. c/e
_h85408
_i10431
_si
_t66.00
949 _a972.081 D4Y
_bBC
_cLIBRO
_d33724000148680
_eLIBRO
_fc.2
_gI. c/e
_h85409
_i10431
_si
_t66.00
949 _a972.081 D4Y
_bBC
_cLIBRO
_d33724000148698
_eLIBRO
_fc.3
_gI. c/e
_h85410
_i10431
_si
_t66.00
999 _c10221
_d10221